PSG Quiz #2 ❤️💙 - Statistiques

Statistiques générales
  • Ce quiz a été pris 828 fois
  • Le résultat moyen est 7 sur 10
Statistiques - réponses
Descriptions Réponses % Correct
Quel ancien entraîneur du PSG a mené le club à sa première finale de Ligue des Champions en 2020 ? Thomas Tuchel
91%
Qui est le gardien titulaire du PSG pour la saison 2017-2018 ? Alphonse Aréola
87%
Quel légende du PSG est surnommé "El Matador" Edinson Cavani
87%
Un joueur ayant joué au PSG et à l'OM Sarr Boubacar / Claude Lowitz / William Ayache / Daniel Xuereb / Daniel Bravo / Jocelyn Angloma / Patrick Colleter / Bruno Germain / Djamel Belmadi / Jérôme Leroy / George Weah / Xavier Gravelaine / Pascal Nouma / Bruno N'Gotty / Édouard Cissé / Florian Maurice / Cyrille Pouget / Fabrice Abriel / Lorik Cana / Frédéric Déhu / Fabrice Fiorèse / Gabriel Heinze / Modeste M'Bami / Jean-Pierre Dogliani / Jean-Pierre Destrumelle / Jean Djorkaeff / Jean-Pierre Tokoto / Michel N'Gom / Marcel De Falco / Thierry Laurey / Benoît Cauet / Yvon Le Roux / Alain Roche / Laurent Fournier / Bernard Pardo / Jérôme Alonzo / Claude Makélélé / Peter Luccin / Stéphane Dalmat / Kaba Diawara / Zoumana Kamara / André Luiz / Peguy Luyindula / Hatem Ben Arfa / Lassana Diarra / Adrien Rabiot
83%
"PARIS SG, TOUS... ENSEMBLE ON CHANTERA"
73%
Comment s'appelle le président du club ? Nasser Al-Khelaïfi
68%
Quel joueur du PSG a remporté le Ballon d'Or en 1995 ? George Weah
67%
Quel joueur à reçu le plus de carton rouge de l'histoire du club ? Marco Verratti
38%
Quel était le premier sponsor maillot du PSG en 1973 ? RTL
38%
Quel est le nom officiel de la Tribune Présidentielle du Parc des Princes ? Tribune Borelli
34%
Aucun quiz correspondant
Distribution des résultats
% des personnes avec chaque résultat
Percentile par nombre de réponses
Votre historique - résultats
Vous n’avez pas pris ce quiz